Fr. Conceicao Rodrigues College of Engineering

555 Questions & Answers W/Shop Cal & Sci (Record no. 30889)

MARC details
000 -LEADER
fixed length control field 00345nam a2200145Ia 4500
100 ## - MAIN ENTRY--PERSONAL NAME
Personal name Gupta
245 ## - TITLE STATEMENT
Title 555 Questions & Answers W/Shop Cal & Sci
260 ## - PUBLICATION, DISTRIBUTION, ETC.
Name of publisher, distributor, etc. New Heights
Place of publication, distribution, etc. New Delhi
300 ## - PHYSICAL DESCRIPTION
Extent 122
546 ## - LANGUAGE NOTE
Language note HINDI
650 ## - SUBJECT ADDED ENTRY--TOPICAL TERM
Topical term or geographic name entry element Chemistry
654 ## - SUBJECT ADDED ENTRY--FACETED TOPICAL TERMS
Focus term 555 questions & answers w/shop cal & sci
942 ## - ADDED ENTRY ELEMENTS (KOHA)
Koha item type BOOK
Holdings
Withdrawn status Lost status Damaged status Not for loan Collection Home library Current library Shelving location Date acquired Total Checkouts Full call number Barcode Date last seen Price effective from Koha item type
        ITI Fr. Agnel's C.Rodrigues College of Engineering Fr. Agnel's C.Rodrigues College of Engineering   17/03/2023   ITI165 17/03/2023 17/03/2023 BOOK
        ITI Fr. Agnel's C.Rodrigues College of Engineering Fr. Agnel's C.Rodrigues College of Engineering   17/03/2023   ITI166 17/03/2023 17/03/2023 BOOK